[Event "Winnipeg TNT February op"]
[Site "Winnipeg CAN"]
[Date "2011.02.22"]
[Round "4"]
[White "Kumaragamage, Shashika"]
[Black "Rutter, Blair"]
[Result "0-1"]
[WhiteElo "1443"]
[BlackElo "1889"]
[PlyCount "78"]
[GameId "2160767909812761"]
[EventDate "2011.02.01"]
[EventType "swiss"]
[EventRounds "4"]
[EventCountry "CAN"]
[SourceTitle "EXT 2022"]
[Source "ChessBase"]
[SourceDate "2021.10.06"]
[SourceVersion "1"]
[SourceVersionDate "2021.10.06"]
[SourceQuality "1"]

1. d4 d5 2. c4 c6 3. Nf3 Nf6 4. Nc3 e6 5. Bg5 Nbd7 6. e3 Bb4 7. a3 Bxc3+ 8. bxc3 Qa5 9. cxd5 Qxc3+ 10. Ke2 exd5 11. a4 Ne4 12. Rc1 Qb2+ 13. Qc2 Nc3+ 14. Kd2 Qxc2+ 15. Rxc2 Nxa4 16. Bd3 O-O 17. Ra1 Nab6 18. Rca2 a6 19. Rb1 Re8 20. Bf4 Nc4+ 21. Kc3 b5 22. Nd2 Nxd2 23. Kxd2 Nf6 24. f3 h6 25. Rc2 Bb7 26. Re1 Rad8 27. Kc3 a5 28. Bc7 Ra8 29. Ra2 a4 30. Kb4 Re7 31. Bf4 Nd7 32. e4 dxe4 33. Bxe4 Rae8 34. Rae2 Nf6 35. Bh7+ Kxh7 36. Rxe7 Rxe7 37. Rxe7 Nd5+ 38. Kc5 Nxe7 39. Bc1 Kg6 0-1

[Event "Winnipeg TNT February op"]
[Site "Winnipeg CAN"]
[Date "2011.02.22"]
[Round "4"]
[White "Milward, David"]
[Black "Iomdina, Alexander"]
[Result "1-0"]
[WhiteElo "1670"]
[BlackElo "1435"]
[PlyCount "43"]
[GameId "2160767909812762"]
[EventDate "2011.02.01"]
[EventType "swiss"]
[EventRounds "4"]
[EventCountry "CAN"]

1. e4 c5 2. Nf3 d6 3. d4 cxd4 4. Nxd4 Nf6 5. Nc3 g6 6. Be3 Bg7 7. f3 O-O 8. Qd2 Nc6 9. O-O-O d5 10. Kb1 e6 11. g4 Bd7 12. g5 Nxd4 13. Bxd4 Ne8 14. Bxg7 Nxg7 15. exd5 exd5 16. Nxd5 Bc6 17. Nf6+ Kh8 18. Be2 Ne6 19. Qc3 Qe7 20. Nd5+ Nd4 21. Qxd4+ Kg8 22. Nxe7# 1-0

[Event "Winnipeg TNT February op"]
[Site "Winnipeg CAN"]
[Date "2011.02.22"]
[Round "4"]
[White "Repa, Jason"]
[Black "Green, Jim"]
[Result "0-1"]
[WhiteElo "2035"]
[BlackElo "1812"]
[PlyCount "74"]
[GameId "2160767909812763"]
[EventDate "2011.02.01"]
[EventType "swiss"]
[EventRounds "4"]
[EventCountry "CAN"]
[SourceTitle "EXT 2022"]
[Source "ChessBase"]
[SourceDate "2021.10.06"]
[SourceVersion "1"]
[SourceVersionDate "2021.10.06"]
[SourceQuality "1"]

1. e4 d6 2. d4 Nf6 3. Nc3 e5 4. Nf3 exd4 5. Nxd4 Nc6 6. Bb5 Bd7 7. Nxc6 bxc6 8. Bc4 Be7 9. O-O O-O 10. Bf4 Re8 11. Re1 Bf8 12. Qd2 Be6 13. Bd3 Nd7 14. Rad1 Nc5 15. Bf1 Bg4 16. f3 Bd7 17. Be3 Ne6 18. Bc4 g6 19. f4 Bg7 20. f5 Nf8 21. Rf1 d5 22. fxg6 hxg6 23. exd5 Bg4 24. Rde1 Bf5 25. Bg5 Qd6 26. Rxe8 Rxe8 27. Bb3 Qc5+ 28. Kh1 Bxc3 29. bxc3 cxd5 30. Bxd5 Be6 31. Bb3 Bxb3 32. cxb3 Ne6 33. Qd7 Qf8 34. Bf6 Nf4 35. g4 Ne2 36. Rf3 Re3 37. Rxe3 Qa8+ 0-1

[Event "Winnipeg TNT February op"]
[Site "Winnipeg CAN"]
[Date "2011.02.22"]
[Round "4"]
[White "Wolchock, Theo"]
[Black "Reimer, Bruce"]
[Result "1-0"]
[WhiteElo "1600"]
[BlackElo "1658"]
[PlyCount "89"]
[GameId "2160767909812764"]
[EventDate "2011.02.01"]
[EventType "swiss"]
[EventRounds "4"]
[EventCountry "CAN"]
[SourceTitle "EXT 2022"]
[Source "ChessBase"]
[SourceDate "2021.10.06"]
[SourceVersion "1"]
[SourceVersionDate "2021.10.06"]
[SourceQuality "1"]

1. e4 Nf6 2. d3 e5 3. Nf3 Nc6 4. Nc3 Be7 5. Be2 O-O 6. O-O d5 7. exd5 Nxd5 8. Nxd5 Qxd5 9. Re1 b6 10. Bd2 Bb7 11. c3 Nb8 12. Bf1 Nd7 13. c4 Qd6 14. Rc1 Bf6 15. Bc3 Rfe8 16. b4 Rad8 17. Be2 e4 18. Bxf6 exf3 19. Bxd8 fxe2 20. Rxe2 Rxd8 21. Qd2 Nf8 22. Rd1 Qg6 23. f3 Bxf3 24. Rde1 Bxe2 25. Qxe2 Ne6 26. Qf3 Qxd3 27. Qc6 Qd2 28. Rf1 Qe3+ 29. Kh1 Qe2 30. Kg1 Qxa2 31. Qf3 Ng5 32. Qg4 Qd2 33. h4 Qe3+ 34. Kh1 Ne4 35. Kh2 g6 36. Rf3 Qe2 37. Qf4 Rd7 38. Re3 Qc2 39. Rxe4 Rd2 40. Re8+ Kg7 41. Qe5+ Kh6 42. Qg5+ Kg7 43. h5 h6 44. Qe5+ f6 45. Qe7# 1-0

[Event "Winnipeg TNT January op"]
[Site "Winnipeg CAN"]
[Date "2011.01.04"]
[Round "1"]
[White "Mousseau, Charles"]
[Black "Iomdina, Alexander"]
[Result "1-0"]
[WhiteElo "1742"]
[BlackElo "1422"]
[PlyCount "89"]
[GameId "2160767909829732"]
[EventDate "2011.01.04"]
[EventType "swiss"]
[EventRounds "4"]
[EventCountry "CAN"]
[SourceTitle "EXT 2022"]
[Source "ChessBase"]
[SourceDate "2021.10.06"]
[SourceVersion "1"]
[SourceVersionDate "2021.10.06"]
[SourceQuality "1"]

1. e4 c5 2. d4 cxd4 3. c3 dxc3 4. Nxc3 Nc6 5. Nf3 Nf6 6. Bc4 g6 7. O-O Bg7 8. Bg5 O-O 9. Qd2 d6 10. h3 Ne5 11. Nxe5 dxe5 12. Qe2 Qb6 13. Be3 Qc6 14. Bb5 Qc7 15. Rac1 Bd7 16. Rfd1 Bxb5 17. Qxb5 a6 18. Qb4 Rfd8 19. Nd5 Nxd5 20. Rxd5 Qb8 21. Rxd8+ Qxd8 22. Qxb7 Rb8 23. Qxa6 Rxb2 24. Rc8 Rb1+ 25. Kh2 Rb8 26. Rxd8+ Rxd8 27. Qb7 Bf6 28. a4 Kg7 29. a5 e6 30. a6 h5 31. a7 h4 32. a8=Q Rxa8 33. Qxa8 Be7 34. g3 hxg3+ 35. Kxg3 g5 36. Kg4 Bf6 37. Bxg5 Bxg5 38. Kxg5 f6+ 39. Kh5 f5 40. exf5 e4 41. Qxe4 exf5 42. Qxf5 Kh8 43. Kg6 Kg8 44. Qf7+ Kh8 45. Qg7# 1-0

[Event "Winnipeg TNT January op"]
[Site "Winnipeg CAN"]
[Date "2011.01.04"]
[Round "1"]
[White "Pottinger, Carl"]
[Black "Wolchock, Theo"]
[Result "0-1"]
[WhiteElo "1857"]
[BlackElo "1562"]
[PlyCount "60"]
[GameId "2160767909829733"]
[EventDate "2011.01.04"]
[EventType "swiss"]
[EventRounds "4"]
[EventCountry "CAN"]
[SourceTitle "EXT 2022"]
[Source "ChessBase"]
[SourceDate "2021.10.06"]
[SourceVersion "1"]
[SourceVersionDate "2021.10.06"]
[SourceQuality "1"]

1. c4 e5 2. g3 Nf6 3. Bg2 Bc5 4. e3 Nc6 5. a3 a5 6. Ne2 O-O 7. O-O e4 8. d4 exd3 9. Qxd3 Re8 10. b3 Ne5 11. Qc2 d6 12. h3 Bd7 13. Bb2 Qc8 14. Kh2 Bc6 15. Bxc6 bxc6 16. Nd2 Qb7 17. Nd4 Bb6 18. N2f3 Bxd4 19. Nxd4 c5 20. f4 Neg4+ 21. hxg4 Nxg4+ 22. Kh3 Nxe3 23. Qd2 Nxf1 24. Rxf1 cxd4 25. Qxd4 f6 26. Kg4 Qc8+ 27. f5 Qb7 28. Qc3 Re4+ 29. Kh3 Re2 30. Rg1 Qe4 0-1

[Event "Winnipeg TNT January op"]
[Site "Winnipeg CAN"]
[Date "2011.01.04"]
[Round "1"]
[White "Reimer, Bruce"]
[Black "Oberton, Daniel"]
[Result "0-1"]
[WhiteElo "1640"]
[BlackElo "1981"]
[PlyCount "88"]
[GameId "2160767909829734"]
[EventDate "2011.01.04"]
[EventType "swiss"]
[EventRounds "4"]
[EventCountry "CAN"]
[SourceTitle "EXT 2022"]
[Source "ChessBase"]
[SourceDate "2021.10.06"]
[SourceVersion "1"]
[SourceVersionDate "2021.10.06"]
[SourceQuality "1"]

1. c4 Nf6 2. g3 g6 3. Bg2 Bg7 4. Nc3 c5 5. e4 Nc6 6. Nge2 O-O 7. O-O Rb8 8. d3 a6 9. a4 d6 10. h3 Nb4 11. a5 Bd7 12. Bg5 h6 13. Bxf6 Bxf6 14. Qd2 Bg7 15. Nf4 e6 16. Nce2 Nc6 17. h4 b6 18. axb6 Rxb6 19. Rab1 Qc7 20. d4 Nxd4 21. Nxd4 cxd4 22. Qa5 Rfb8 23. Nd3 Qxc4 24. Rfd1 Qb5 25. Qd2 f5 26. exf5 Qxf5 27. Rdc1 Bb5 28. Bf1 e5 29. Nb4 Bxf1 30. Nd5 Qe4 31. Ne7+ Kf7 32. Rxf1 Kxe7 33. Rfe1 Qd5 34. Qc2 Qe6 35. Qe2 d5 36. Rec1 R8b7 37. Rc5 e4 38. Rbc1 Be5 39. Qd2 e3 40. fxe3 Rxb2 41. Qe1 dxe3 42. Qxe3 Bd6 43. Qxh6 Bxc5+ 44. Rxc5 Qe1# 0-1

[Event "Winnipeg TNT January op"]
[Site "Winnipeg CAN"]
[Date "2011.01.04"]
[Round "1"]
[White "Trueman, Francis"]
[Black "Wasserman, Leor"]
[Result "0-1"]
[WhiteElo "1557"]
[BlackElo "1846"]
[PlyCount "38"]
[GameId "2160767909829735"]
[EventDate "2011.01.04"]
[EventType "swiss"]
[EventRounds "4"]
[EventCountry "CAN"]
[SourceTitle "EXT 2022"]
[Source "ChessBase"]
[SourceDate "2021.10.06"]
[SourceVersion "1"]
[SourceVersionDate "2021.10.06"]
[SourceQuality "1"]

1. Nf3 Nf6 2. d3 d5 3. Nbd2 g6 4. g3 Bg7 5. Bg2 O-O 6. O-O Re8 7. Re1 e5 8. e4 Nc6 9. c3 Bg4 10. h3 Bxf3 11. Nxf3 dxe4 12. dxe4 Qxd1 13. Rxd1 Nxe4 14. Rd7 Rad8 15. Rxc7 Rd1+ 16. Kh2 Nxf2 17. Ng5 f6 18. Nf7 Re7 19. Rc8+ Kxf7 0-1

[Event "Winnipeg TNT January op"]
[Site "Winnipeg CAN"]
[Date "2011.01.04"]
[Round "1.4"]
[White "Wasserman, Arie"]
[Black "Mundwiler, Les"]
[Result "0-1"]
[WhiteElo "1735"]
[BlackElo "2029"]
[PlyCount "48"]
[GameId "2160767909829736"]
[EventDate "2011.01.04"]
[EventType "swiss"]
[EventRounds "4"]
[EventCountry "CAN"]
[SourceTitle "EXT 2022"]
[Source "ChessBase"]
[SourceDate "2021.10.06"]
[SourceVersion "1"]
[SourceVersionDate "2021.10.06"]
[SourceQuality "1"]

1. e4 c5 2. Nc3 Nc6 3. Bc4 e6 4. a3 Nge7 5. Nf3 Ng6 6. d3 Be7 7. O-O O-O 8. Be3 b6 9. Ne2 d5 10. exd5 exd5 11. Bb3 d4 12. Bd2 Bg4 13. Ng3 Nce5 14. Kh1 Bd6 15. h3 Bxf3 16. gxf3 Qh4 17. Kg2 Rad8 18. Nf5 Nf4+ 19. Bxf4 Qxf4 20. Nxd6 Rxd6 21. Re1 Rg6+ 22. Kf1 Nxf3 23. Re4 Nd2+ 24. Ke2 Nxe4 0-1

[Event "Winnipeg TNT January op"]
[Site "Winnipeg CAN"]
[Date "2011.01.11"]
[Round "2"]
[White "Czarny, Keith"]
[Black "Rutter, Blair"]
[Result "1-0"]
[WhiteElo "1650"]
[BlackElo "1907"]
[PlyCount "83"]
[GameId "2160767909829737"]
[EventDate "2011.01.04"]
[EventType "swiss"]
[EventRounds "4"]
[EventCountry "CAN"]
[SourceTitle "EXT 2022"]
[Source "ChessBase"]
[SourceDate "2021.10.06"]
[SourceVersion "1"]
[SourceVersionDate "2021.10.06"]
[SourceQuality "1"]

1. Nf3 d5 2. g3 c5 3. Bg2 Nc6 4. O-O e5 5. d3 Nf6 6. c4 dxc4 7. dxc4 Qc7 8. Nc3 Be6 9. b3 Rd8 10. Qc2 Be7 11. Ng5 Bg4 12. h3 Nd4 13. Qb2 Bf5 14. a3 h6 15. Nf3 Nxf3+ 16. exf3 O-O 17. Be3 Rd3 18. Nb5 Qb8 19. f4 e4 20. g4 a6 21. Nc3 Bd7 22. Qc2 Bc6 23. Nxe4 Rfd8 24. Ng3 Bxg2 25. Kxg2 Qd6 26. Nf5 Qc6+ 27. Kg1 Bf8 28. Rad1 Rxd1 29. Rxd1 Re8 30. g5 Ne4 31. gxh6 gxh6 32. Kh2 Qf6 33. Rg1+ Kh8 34. Ng3 Nd6 35. Nh5 Qh4 36. Qc3+ f6 37. Qxf6+ Qxf6 38. Nxf6 Bg7 39. Nxe8 Nxe8 40. Bxc5 Nc7 41. Re1 Bf6 42. Bd6 1-0

[Event "Winnipeg TNT January op"]
[Site "Winnipeg CAN"]
[Date "2011.01.11"]
[Round "2"]
[White "Evans, Brian"]
[Black "Pottinger, Carl"]
[Result "0-1"]
[WhiteElo "1577"]
[BlackElo "1857"]
[PlyCount "68"]
[GameId "2160767909829738"]
[EventDate "2011.01.04"]
[EventType "swiss"]
[EventRounds "4"]
[EventCountry "CAN"]
[SourceTitle "EXT 2022"]
[Source "ChessBase"]
[SourceDate "2021.10.06"]
[SourceVersion "1"]
[SourceVersionDate "2021.10.06"]
[SourceQuality "1"]

1. e4 c5 2. Nf3 d6 3. d4 cxd4 4. Nxd4 Nf6 5. Nc3 g6 6. Be2 Bg7 7. Be3 O-O 8. f3 Nc6 9. Nxc6 bxc6 10. Qd2 Qa5 11. O-O Re8 12. a3 Be6 13. b4 Qc7 14. Rab1 Rec8 15. Ba6 Rcb8 16. Qf2 Nd7 17. Bd4 Bxd4 18. Qxd4 Qb6 19. Qxb6 Rxb6 20. Bd3 Ne5 21. Na4 Rbb8 22. Ba6 Bc4 23. Bxc4 Nxc4 24. Ra1 a5 25. c3 axb4 26. axb4 Ra7 27. Rf2 Rba8 28. Rfa2 Nb6 29. Kf2 Rxa4 30. Rxa4 Rxa4 31. Rxa4 Nxa4 32. c4 Nb6 33. c5 dxc5 34. bxc5 Nd7 0-1

[Event "Winnipeg TNT January op"]
[Site "Winnipeg CAN"]
[Date "2011.01.11"]
[Round "2"]
[White "Iomdina, Alexander"]
[Black "Reimer, Bruce"]
[Result "0-1"]
[WhiteElo "1422"]
[BlackElo "1640"]
[PlyCount "120"]
[GameId "2160767909829739"]
[EventDate "2011.01.04"]
[EventType "swiss"]
[EventRounds "4"]
[EventCountry "CAN"]
[SourceTitle "EXT 2022"]
[Source "ChessBase"]
[SourceDate "2021.10.06"]
[SourceVersion "1"]
[SourceVersionDate "2021.10.06"]
[SourceQuality "1"]

1. d4 Nf6 2. c4 g6 3. Nc3 Bg7 4. Bg5 h6 5. Bh4 d6 6. e3 O-O 7. Bd3 Na6 8. a3 c6 9. Nge2 Qe8 10. Qc2 e5 11. O-O exd4 12. Nxd4 Be6 13. f4 Ng4 14. Rf3 Nxe3 15. Rxe3 Bxd4 16. Rae1 Bxe3+ 17. Rxe3 Qd7 18. Ne2 Nc5 19. Qc3 Nxd3 20. Rxd3 Bf5 21. Bf6 Bxd3 22. Qxd3 Qe6 23. Bc3 Rae8 24. Qd4 Qe3+ 25. Qxe3 Rxe3 26. Nd4 Rfe8 27. Kf2 f5 28. g3 a6 29. a4 c5 30. Nf3 Re2+ 31. Kf1 Kf7 32. Kg1 R2e3 33. Kf2 R8e4 34. Ng1 Rd3 35. Ne2 Rxc4 36. Kg2 Rxa4 37. Kf2 d5 38. Be5 Ke6 39. Nc3 Rxc3 40. bxc3 Ra2+ 41. Kg1 b5 42. h4 Re2 43. Bc7 Re3 44. c4 dxc4 45. Bb6 Kd5 46. Kf2 Re4 47. Ba5 b4 48. Bc7 c3 49. Be5 c2 50. Bb2 a5 51. Kf1 a4 52. Kf2 a3 53. Bc1 a2 54. Bb2 a1=Q 55. Bxa1 c1=Q 56. g4 Qxa1 57. g5 Qe1+ 58. Kg2 Re3 59. gxh6 Qd2+ 60. Kf1 Re1# 0-1

[Event "Winnipeg TNT January op"]
[Site "Winnipeg CAN"]
[Date "2011.01.11"]
[Round "2"]
[White "Milord, Frank"]
[Black "Trueman, Francis"]
[Result "1-0"]
[WhiteElo "1661"]
[BlackElo "1557"]
[PlyCount "57"]
[GameId "2160767909829740"]
[EventDate "2011.01.04"]
[EventType "swiss"]
[EventRounds "4"]
[EventCountry "CAN"]
[SourceTitle "EXT 2022"]
[Source "ChessBase"]
[SourceDate "2021.10.06"]
[SourceVersion "1"]
[SourceVersionDate "2021.10.06"]
[SourceQuality "1"]

1. e4 d6 2. d4 Nf6 3. Nc3 g6 4. f4 Bg7 5. Nf3 O-O 6. Be2 c6 7. a4 Qc7 8. a5 e5 9. O-O Nbd7 10. fxe5 dxe5 11. Bc4 Re8 12. Ng5 Re7 13. d5 Qd6 14. Be3 h6 15. dxc6 Qxd1 16. Raxd1 bxc6 17. Nf3 Kh7 18. Nh4 Nf8 19. Bc5 Rd7 20. Rxd7 N8xd7 21. Be7 Ng8 22. Rxf7 Nxe7 23. Rxe7 h5 24. Bf7 Nf8 25. Rc7 Bd7 26. Nxg6 Nxg6 27. Bxg6+ Kxg6 28. Rxd7 a6 29. Rd6+ 1-0

[Event "Winnipeg TNT January op"]
[Site "Winnipeg CAN"]
[Date "2011.01.11"]
[Round "2"]
[White "Mundwiler, Les"]
[Black "Mousseau, Charles"]
[Result "0-1"]
[WhiteElo "2029"]
[BlackElo "1742"]
[PlyCount "82"]
[GameId "2160767909829741"]
[EventDate "2011.01.04"]
[EventType "swiss"]
[EventRounds "4"]
[EventCountry "CAN"]
[SourceTitle "EXT 2022"]
[Source "ChessBase"]
[SourceDate "2021.10.06"]
[SourceVersion "1"]
[SourceVersionDate "2021.10.06"]
[SourceQuality "1"]

1. d4 d5 2. Nf3 Nc6 3. g3 Bf5 4. Bg2 Nb4 5. Na3 e6 6. O-O Qd7 7. Ne5 Qa4 8. b3 Qa6 9. c4 f6 10. Nb5 Qb6 11. a3 fxe5 12. axb4 c6 13. Nd6+ Bxd6 14. c5 Qxb4 15. cxd6 Qxd4 16. Bd2 Nf6 17. Qc1 Nd7 18. Ra5 O-O 19. Bc3 Qb6 20. e4 Bg4 21. Qd2 d4 22. Bb2 c5 23. f4 Qxd6 24. b4 b6 25. bxc5 bxc5 26. Ba3 Qc7 27. h3 Bh5 28. g4 Bf7 29. Rc1 Rfc8 30. f5 c4 31. Ra6 c3 32. Qd3 exf5 33. exf5 Bc4 34. Qg3 Bxa6 35. Bd5+ Kh8 36. g5 d3 37. Rf1 d2 38. f6 gxf6 39. g6 Rg8 40. Bf7 Bxf1 41. Qh4 Rg7 0-1

[Event "Winnipeg TNT January op"]
[Site "Winnipeg CAN"]
[Date "2011.01.11"]
[Round "2"]
[White "Oberton, Daniel"]
[Black "Wolchock, Theo"]
[Result "1-0"]
[WhiteElo "1981"]
[BlackElo "1562"]
[PlyCount "41"]
[GameId "2160767909829742"]
[EventDate "2011.01.04"]
[EventType "swiss"]
[EventRounds "4"]
[EventCountry "CAN"]
[SourceTitle "EXT 2022"]
[Source "ChessBase"]
[SourceDate "2021.10.06"]
[SourceVersion "1"]
[SourceVersionDate "2021.10.06"]
[SourceQuality "1"]

1. e4 c5 2. Nf3 Nc6 3. d4 cxd4 4. c3 dxc3 5. Nxc3 g6 6. Bc4 Bg7 7. O-O Qc7 8. Nd5 Qd8 9. Qe2 e6 10. Nc3 Qc7 11. Nb5 Qb8 12. Rd1 Bf8 13. e5 a6 14. Nd6+ Bxd6 15. Rxd6 Nge7 16. Bg5 Nf5 17. Rd2 b5 18. Bd3 Ncd4 19. Nxd4 Nxd4 20. Qe3 Qb6 21. Be4 1-0

[Event "Winnipeg TNT January op"]
[Site "Winnipeg CAN"]
[Date "2011.01.11"]
[Round "2"]
[White "Wasserman, Leor"]
[Black "Repa, Jason"]
[Result "0-1"]
[WhiteElo "1846"]
[BlackElo "2008"]
[PlyCount "144"]
[GameId "2160767909829743"]
[EventDate "2011.01.04"]
[EventType "swiss"]
[EventRounds "4"]
[EventCountry "CAN"]
[SourceTitle "EXT 2022"]
[Source "ChessBase"]
[SourceDate "2021.10.06"]
[SourceVersion "1"]
[SourceVersionDate "2021.10.06"]
[SourceQuality "1"]

1. e4 e6 2. d4 d5 3. exd5 exd5 4. c4 Nf6 5. Nc3 Be7 6. Bd3 dxc4 7. Bxc4 O-O 8. Nge2 Nc6 9. O-O Bg4 10. f3 Bf5 11. Be3 Na5 12. Bd3 Bxd3 13. Qxd3 Nc6 14. a3 a6 15. f4 Bd6 16. h3 Re8 17. f5 Ne7 18. Bg5 Nc6 19. Bxf6 Qxf6 20. Ne4 Qe7 21. N2c3 f6 22. Rae1 Qd7 23. Kh1 Kf8 24. Nd5 Be7 25. Nxe7 Rxe7 26. Nc5 Qxd4 27. Ne6+ Rxe6 28. Qxd4 Nxd4 29. fxe6 Ke7 30. Rf4 Rd8 31. Rd1 Nxe6 32. Rxd8 Kxd8 33. Rh4 h6 34. Rg4 Ke7 35. Rb4 b6 36. Kg1 a5 37. Re4 f5 38. Re2 g5 39. Kf2 a4 40. Ke3 c5 41. Kd3 Kd6 42. Kc4 b5+ 43. Kc3 h5 44. Rd2+ Nd4 45. Rd1 Kd5 46. Re1 Ne6 47. Rd1+ Nd4 48. Re1 b4+ 49. axb4 cxb4+ 50. Kd3 a3 51. bxa3 bxa3 52. Re8 Nb3 53. Ra8 a2 54. Rd8+ Ke5 55. Ra8 a1=Q 56. Rxa1 Nxa1 57. Ke3 Nc2+ 58. Kf3 Nd4+ 59. Kg3 f4+ 60. Kf2 Ke4 61. g3 f3 62. Kf1 Ke3 63. h4 gxh4 64. gxh4 Nf5 65. Kg1 Nxh4 66. Kf1 Nf5 67. Kg1 Ke2 68. Kh1 f2 69. Kh2 h4 70. Kg2 f1=Q+ 71. Kh2 Qf2+ 72. Kh1 Ng3# 0-1

[Event "Winnipeg TNT January op"]
[Site "Winnipeg CAN"]
[Date "2011.01.04"]
[Round "2.4"]
[White "Repa, Jason"]
[Black "Milord, Frank"]
[Result "1-0"]
[WhiteElo "2008"]
[BlackElo "1661"]
[PlyCount "59"]
[GameId "2160767909829744"]
[EventDate "2011.01.04"]
[EventType "swiss"]
[EventRounds "4"]
[EventCountry "CAN"]
[SourceTitle "EXT 2022"]
[Source "ChessBase"]
[SourceDate "2021.10.06"]
[SourceVersion "1"]
[SourceVersionDate "2021.10.06"]
[SourceQuality "1"]

1. f4 c5 2. Nf3 Nf6 3. e3 g6 4. b3 Bg7 5. Bb2 O-O 6. Be2 Nc6 7. O-O d6 8. a4 Re8 9. Bb5 Bd7 10. d3 a6 11. Bxc6 Bxc6 12. e4 Nd7 13. Bxg7 Kxg7 14. f5 e6 15. fxg6 hxg6 16. Nbd2 b5 17. axb5 Bxb5 18. Kh1 Rh8 19. Ra2 e5 20. Qa1 a5 21. Qc3 Nb8 22. Nc4 Bxc4 23. Qxc4 Nc6 24. c3 Qc7 25. Ng5 Nd8 26. Rxf7+ Qxf7 27. Nxf7 Nxf7 28. Rf2 Rhf8 29. Kg1 Rab8 30. Qe6 1-0

[Event "Winnipeg TNT January op"]
[Site "Winnipeg CAN"]
[Date "2011.01.18"]
[Round "3"]
[White "Mundwiler, Les"]
[Black "Czarny, Keith"]
[Result "0-1"]
[WhiteElo "2029"]
[BlackElo "1650"]
[PlyCount "144"]
[GameId "2160767909829745"]
[EventDate "2011.01.04"]
[EventType "swiss"]
[EventRounds "4"]
[EventCountry "CAN"]
[SourceTitle "EXT 2022"]
[Source "ChessBase"]
[SourceDate "2021.10.06"]
[SourceVersion "1"]
[SourceVersionDate "2021.10.06"]
[SourceQuality "1"]

1. d4 e6 2. c4 f5 3. Nf3 Nf6 4. a3 b6 5. Nc3 Bb7 6. Bg5 Be7 7. Bxf6 Bxf6 8. e3 O-O 9. Be2 Nc6 10. Qc2 Ne7 11. Rg1 Rc8 12. e4 fxe4 13. Nxe4 Ng6 14. O-O-O Nf4 15. Ne5 Bg5 16. Kb1 d6 17. Nxg5 Qxg5 18. h4 Qf5 19. Bf3 Bxf3 20. Nxf3 Qxc2+ 21. Kxc2 Nxg2 22. Rd3 Nf4 23. Re3 Rf6 24. Ng5 Rcf8 25. d5 exd5 26. Re7 h6 27. Nh7 Rg6 28. Nxf8 Rxg1 29. Re8 Kf7 30. Rc8 dxc4 31. Nd7 Nd5 32. Nb8 Rg2 33. Na6 Rxf2+ 34. Kc1 Kg6 35. Nxc7 Nxc7 36. Rxc7 Rf7 37. Rxc4 Kh5 38. Rd4 Rd7 39. Kc2 g5 40. hxg5 hxg5 41. Kd3 g4 42. Ke3 Kh4 43. Kf2 Kh3 44. Kg1 g3 45. Rd5 Rc7 46. Rh5+ Kg4 47. Rh8 Rc1+ 48. Kg2 Rc2+ 49. Kg1 Rxb2 50. Rg8+ Kf4 51. Rf8+ Ke4 52. Rf7 a5 53. Re7+ Kd4 54. Rg7 g2 55. a4 Kc4 56. Rg4+ Kc5 57. Kh2 d5 58. Rg7 d4 59. Rc7+ Kd5 60. Rc8 Ke4 61. Re8+ Kd3 62. Re6 Kc3 63. Rc6+ Kd2 64. Kxg2 d3 65. Kf2 Kd1+ 66. Kf1 d2 67. Rc3 Rb4 68. Rc6 Rf4+ 69. Kg2 Re4 70. Kf2 Rxa4 71. Rxb6 Rc4 72. Rd6 Kc2 0-1

[Event "Winnipeg TNT January op"]
[Site "Winnipeg CAN"]
[Date "2011.01.18"]
[Round "3"]
[White "Pottinger, Carl"]
[Black "Milord, Frank"]
[Result "1-0"]
[WhiteElo "1857"]
[BlackElo "1661"]
[PlyCount "73"]
[GameId "2160767909829746"]
[EventDate "2011.01.04"]
[EventType "swiss"]
[EventRounds "4"]
[EventCountry "CAN"]
[SourceTitle "EXT 2022"]
[Source "ChessBase"]
[SourceDate "2021.10.06"]
[SourceVersion "1"]
[SourceVersionDate "2021.10.06"]
[SourceQuality "1"]

1. e4 c5 2. c4 d6 3. Ne2 Nf6 4. Nbc3 g6 5. g3 Bg7 6. Bg2 O-O 7. O-O Bg4 8. f3 Bd7 9. d3 Nc6 10. Be3 Rb8 11. Qd2 Ne5 12. Rad1 b5 13. b3 b4 14. Nd5 Nxd5 15. exd5 Be8 16. d4 Nd7 17. dxc5 Nxc5 18. Bh6 Qb6 19. Kh1 Bd7 20. Bxg7 Kxg7 21. Nf4 Rfe8 22. Rfe1 Kg8 23. Bh3 Kg7 24. Qd4+ Kg8 25. Qd2 Kg7 26. Re2 Rb7 27. Kg2 a5 28. Bxd7 Nxd7 29. Rde1 Nf8 30. Re4 h5 31. h3 Nh7 32. g4 h4 33. Nd3 Kg8 34. f4 Qc7 35. Qf2 Nf6 36. R4e3 Kg7 37. Qxh4 1-0

[Event "Winnipeg TNT January op"]
[Site "Winnipeg CAN"]
[Date "2011.01.18"]
[Round "3"]
[White "Repa, Jason"]
[Black "Oberton, Daniel"]
[Result "1/2-1/2"]
[WhiteElo "2008"]
[BlackElo "1981"]
[PlyCount "23"]
[GameId "2160767909829747"]
[EventDate "2011.01.04"]
[EventType "swiss"]
[EventRounds "4"]
[EventCountry "CAN"]
[SourceTitle "EXT 2022"]
[Source "ChessBase"]
[SourceDate "2021.10.06"]
[SourceVersion "1"]
[SourceVersionDate "2021.10.06"]
[SourceQuality "1"]

1. f4 g6 2. Nf3 Bg7 3. e4 c5 4. c3 Nc6 5. d4 cxd4 6. cxd4 Qb6 7. e5 d6 8. Nc3 Bg4 9. Bb5 O-O-O 10. Bxc6 Qxc6 11. Be3 Kb8 12. Qe2 1/2-1/2

[Event "Winnipeg TNT January op"]
[Site "Winnipeg CAN"]
[Date "2011.01.18"]
[Round "3"]
[White "Trueman, Francis"]
[Black "Iomdina, Alexander"]
[Result "0-1"]
[WhiteElo "1557"]
[BlackElo "1422"]
[PlyCount "32"]
[GameId "2160767909829748"]
[EventDate "2011.01.04"]
[EventType "swiss"]
[EventRounds "4"]
[EventCountry "CAN"]
[SourceTitle "EXT 2022"]
[Source "ChessBase"]
[SourceDate "2021.10.06"]
[SourceVersion "1"]
[SourceVersionDate "2021.10.06"]
[SourceQuality "1"]

1. Nf3 d5 2. d3 Nc6 3. Nbd2 e5 4. e4 d4 5. g3 Bb4 6. Bg2 Bg4 7. O-O f6 8. Qe2 Nge7 9. a3 Bxd2 10. Bxd2 O-O 11. h3 Bh5 12. Kh1 Qd7 13. Rg1 f5 14. Bg5 fxe4 15. Qxe4 Bxf3 16. Qe1 Qxh3# 0-1